BIOTECHNOLOGY AND INTERNATIONAL LAW (Record no. 161761)
[ view plain ]
| 000 -LEADER | |
|---|---|
| fixed length control field | 00590nam a2200193Ia 4500 |
| 003 - CONTROL NUMBER IDENTIFIER | |
| control field | OSt |
| 005 - DATE AND TIME OF LATEST TRANSACTION | |
| control field | 20251127093821.0 |
| 020 ## - INTERNATIONAL STANDARD BOOK NUMBER | |
| International Standard Book Number | 978-1-84113-631-8 |
| 040 ## - CATALOGING SOURCE | |
| Transcribing agency | LC |
| 050 ## - LIBRARY OF CONGRESS CALL NUMBER | |
| Classification number | K 1519 .B54 2006 |
| Item number | 2 |
| 100 ## - MAIN ENTRY--PERSONAL NAME | |
| Personal name | EDITED BY FRANCESCO FRANCIONI |
| 245 #0 - TITLE STATEMENT | |
| Title | BIOTECHNOLOGY AND INTERNATIONAL LAW |
| 260 ## - PUBLICATION, DISTRIBUTION, ETC. | |
| Place of publication, distribution, etc. | PORTLAND, |
| Name of publisher, distributor, etc. | OXFORD AND PORTLAND, OREGON, |
| Date of publication, distribution, etc. | 2006, |
| 300 ## - PHYSICAL DESCRIPTION | |
| Extent | XXXVii, 448 P, ILL |
| 500 ## - GENERAL NOTE | |
| General note | INCLUDES INDEX |
| 650 ## - SUBJECT ADDED ENTRY--TOPICAL TERM | |
| Topical term or geographic name entry element | Biotechnology industry, Biotechnology-legislation & jurisprudence, Intellectual Property |
| 700 ## - ADDED ENTRY--PERSONAL NAME | |
| Personal name | EDITOR TULLIO SCOVAZZ |
| 942 ## - ADDED ENTRY ELEMENTS (KOHA) | |
| Koha item type | Long Loan Book |
| Source of classification or shelving scheme | Library of Congress Classification |
| Suppress in OPAC | No |
| Withdrawn status | Lost status | Source of classification or shelving scheme | Damaged status | Not for loan | Collection | Home library | Current library | Date acquired | Inventory number | Total checkouts | Full call number | Barcode | Date last seen | Copy number | Price effective from | Koha item type | Shelving location |
|---|---|---|---|---|---|---|---|---|---|---|---|---|---|---|---|---|---|
| Library of Congress Classification | Law | Kisii University Library | Kisii University Library | 09/15/2023 | 45686 | K 1519 .B54 2006 | 022727 | 09/15/2023 | 2 | 09/15/2023 | Long Loan Book | ||||||
| Library of Congress Classification | Law | Kisii University Library | Kisii University Library | 12/13/2023 | 45685 | K 1519 .B54 2006 | 022726 | 12/13/2023 | 1 | 12/13/2023 | Long Loan Book | ||||||
| Library of Congress Classification | Law | Kisii University Library | Kisii University Library | 11/13/2025 | 27972 | K 1519 .F 73 2006 | 033152 | 11/13/2025 | 2 | 11/13/2025 | Long Loan Book | On Display |